عرض عادي
عرض مارك
- الإنترنت في الإدارة العامة
مدخل مصطلح موضوعي
عدد التسجيلات المستخدمة في: 11
001 - رقم الضبط
- حقل الضبط: 18023
003 - معرف رقم الضبط
- حقل الضبط: OSt
005 - تاريخ ووقت أخر عملية
- حقل الضبط: 20121202095701.0
008 - عناصر بيانات ثابتة الطول
- حقل تحكم ثابت الطول: 121202|||a|||||| | ||| d
040 ## - مصدر الفهرسة
- هيئة الفهرسة الأصلية: OSt
- وكالة الكتابة: OSt
150 ## - مدخل-- مصطلح تاريخي
- عنصر مدخل المصطلح الموضوعي او الاسم الجغرافي: الإنترنت في الإدارة العامة
- تفريع جغرافي: السعودية
670 ## - بيانات المصدر موجوده
- الاستشهاد بالمصدر: Work cat.: (OSt): الزهراني، راشد بن سعيد. 18022, التعاملات الإلكترونية الحكومية في المملكة العربية السعودية :, 2009
